Martin Lawrence Filmography - Statistics

General Stats
  • This quiz has been taken 151 times
    38 since last reset
  • The average score is 20 of 64
Answer Stats
Type Year Name % Correct
Film 1995 Bad Boys
75%
Film 2003 Bad Boys II
75%
Film 1999 Blue Streak
75%
TV Show 1992-1997 Martin
69%
Film 2020 Bad Boys for Life
63%
Film 2003 National Security
63%
Film 2000 Big Momma's House
56%
Film 2011 Big Mommas: Like Father, Like Son
56%
Film 2001 Black Knight
56%
Film 1999 Life
56%
Film 2024 Bad Boys: Ride or Die
50%
Film 2010 Death at a Funeral
50%
Film 1990 House Party
50%
Film 1997 Nothing to Lose
50%
Film 2005 Rebound
50%
Film 2008 Welcome Home Roscoe Jenkins
50%
Film 1996 A Thin Line Between Love and Hate
44%
Film 2006 Big Momma's House 2
44%
Film 1989 Do the Right Thing
44%
Film 2006 Open Season
44%
TV Show 1994 Saturday Night Live
44%
Film 1992 Boomerang
38%
Film 2008 College Road Trip
38%
Film 1991 House Party 2
38%
TV Show 1987-1988 What's Happening Now!!
38%
Film 2001 What's the Worst That Could Happen?
38%
Film 2007 Wild Hogs
38%
TV Pilot 1989 A Little Bit Strange
31%
TV Show 1992 Def Comedy Jam
31%
TV Show 1990 Kid 'n Play
31%
Stand-Up Special 2002 Martin Lawrence Live: Runteldat
31%
Film 2022 Mindcage
31%
TV Show 2014 Partners
31%
Film 2025 Sneaks
31%
Film 1991 Talkin' Dirty After Dark
31%
Film 2019 The Beach Bum
31%
Stand-Up Special 1994 You So Crazy
31%
Short Film 2006 Boog & Elliot's Midnight Bun Run
25%
TV Show 2023 Demascus
25%
Web Series 2025 Demascus
25%
TV Film 1990 Hammer, Slammer, & Slade
25%
TV Show 2010-2011 Love That Girl!
25%
Stand-Up Special 2016 Martin Lawrence: Doin' Time
25%
TV Show TBA Nehama
25%
TV Pilot 1991 Private Times
25%
TV Show 2014 The Soul Man
25%
Web Special 2022 Martin: The Reunion
19%
Music Video 2015 Play No Games
19%
TV Show TBA Young Martin
19%
Music Video 1990 Funhouse
13%
Music Video 2000 I've Got to Have It
13%
Music Video 1995 Shy Guy
13%
Documentary Mini-Series 2025 Number One on the Call Sheet
6%
Documentary Mini-Series 2020 The Comedy Store
6%
TV Show 1989 An Evening at the Improv
0%
TV Special 2017 Def Comedy Jam 25
0%
TV Special 1999 Def Comedy Jam: All Stars Vol. 11
0%
TV Special 1999 Def Comedy Jam: All Stars Vol. 12
0%
Commercial 2021 DraftKings
0%
Music Video 1999 Girl's Best Friend
0%
Commercial 2024 Oikos
0%
TV Show 1991 One Night Stand
0%
TV Show 1988, 1994 Showtime at the Apollo
0%
TV Show 2000 The Chris Rock Show
0%
No matching quizzes found
Score Distribution
Percent of People with Each Score
Percentile by Number Answered
Your Score History
You have not taken this quiz since the last reset